000 00435nam a2200157 i 4500
001 27721
003 ES-MaACL
007 t|
008 030115s1863 fr ||||1| fre d
100 1 _aAugier, Emile.
_923890
245 1 4 _aLes fils de Giboyer
_b: comedie en cinq actes en prose /
_cEmile Augier.
250 _a2eme ed.
260 _aParís :
_b[s.n.,
_c1863] (
_fClayé)
300 _a156 p. ;
_c22 cm.
852 _aES-MaACL
_jG-11940
999 _c27721
_d27721